El Verbo popular : (Registro nro. 78547)

Detalles MARC
000 -LEADER
fixed length control field 00834cam a2200229 4500
005 - DATE AND TIME OF LATEST TRANSACTION
control field 20170605135728.0
008 - FIXED-LENGTH DATA ELEMENTS--GENERAL INFORMATION
fixed length control field 170605b mx ||||| |||| 00| 0 spa d
020 ## - INTERNATIONAL STANDARD BOOK NUMBER
International Standard Book Number 9686959351
050 04 - LIBRARY OF CONGRESS CALL NUMBER
Classification number P302 .84
Item number V47 1995
245 03 - TITLE STATEMENT
Title El Verbo popular :
Remainder of title discurso e identidad en la cultura mexicana /
Statement of responsibility, etc ed. Andrew Roth Seneff y José Lameiras.
250 ## - EDITION STATEMENT
Edition statement 1a ed.
260 ## - PUBLICATION, DISTRIBUTION, ETC. (IMPRINT)
Place of publication, distribution, etc Zamora, Mich. :
Name of publisher, distributor, etc El Colegio de Michoacán : ITESO,
Date of publication, distribution, etc 1995
300 ## - PHYSICAL DESCRIPTION
Extent 254 p. ;
Dimensions 23 cm.
504 ## - BIBLIOGRAPHY, ETC. NOTE
Bibliography, etc Bibliografía p. 235-254
650 #7 - SUBJECT ADDED ENTRY--TOPICAL TERM
Source of heading or term LEMB
Topical term or geographic name as entry element Cultura
General subdivision Alocuciones, ensayos y conferencias
650 #7 - SUBJECT ADDED ENTRY--TOPICAL TERM
Source of heading or term LEMB
Topical term or geographic name as entry element Análisis de los discursos
General subdivision Aspectos sociales
Geographic subdivision México
650 #7 - SUBJECT ADDED ENTRY--TOPICAL TERM
Source of heading or term LEMB
Topical term or geographic name as entry element Etnicidad
Geographic subdivision México
650 #7 - SUBJECT ADDED ENTRY--TOPICAL TERM
Source of heading or term LEMB
Topical term or geographic name as entry element Identidad colectiva
Geographic subdivision México
700 1# - ADDED ENTRY--PERSONAL NAME
Personal name Roth Seneff, Andrew,
Relator term ed.
700 1# - ADDED ENTRY--PERSONAL NAME
Personal name Lameiras, José,
Relator term ed
942 ## - ADDED ENTRY ELEMENTS (KOHA)
Source of classification or shelving scheme Biblioteca del Cogreso de los Estados Unidos
Koha item type Libro
Existencias
Estado de pérdida Fuente de clasificación Estado del daño No para préstamo Ubicación permanente Ubicación actual Apartado o colección Fecha de adquisición Edición Dependencia de educación superior (DES) Área del conocimiento Clasificación Código de Barras Date last seen Número de copia Tipo de recurso
  Biblioteca del Cogreso de los Estados Unidos     Biblioteca del Instituto de Investigaciones Históricas Biblioteca del Instituto de Investigaciones Históricas General 31/03/2017 1a ed. Humanidades Ciencias Sociales y Administrativas P302 .84 V47 1995 IIH000017709 31/03/2017 C:1 Libro
  Biblioteca del Cogreso de los Estados Unidos     Biblioteca del Instituto de Investigaciones Históricas Biblioteca del Instituto de Investigaciones Históricas General 31/03/2017 1a ed. Humanidades Ciencias Sociales y Administrativas P302 .84 V47 1995 IIH000017710 31/03/2017 C:2 Libro